000 00307nam a22001337a 4500
008 180926b xxu||||| |||| 00| 0 eng d
020 _a9780195073867
041 _aeng
080 _a316
100 _a50
101 _aSOC
245 _aFeminist Methods in Social Research
_cReinharz, Sh
942 _2udc
_cBK
999 _c48501
_d48501